000 00751nam a2200205Ia 4500
003 GCL
005 20240530104041.0
008 140319s9999 xx 000 0 ara d
040 _aGCL /
_cGCL
082 0 4 _a953
_bا م
100 1 _aاحمد يوسف داود
245 1 0 _aالميراث العظيم :
_bاعادة بناء المنجز الحضارى العربى بين الالف الرابع قبل الميلاد وظهور الاسلام /
_cاحمد يوسف داود
250 _aط1
260 _aدمشق :
_bدار المستقبل ،
_c1991
300 _a462 ص؛
_c24 سم
490 _aسلسلة القسام الفكرى
_v0
650 0 4 _aالتاريخ الحديث
650 0 4 _aالتاريخ - فلسفة
942 _2ddc
_cBK
999 _c44276
_d44276